| 000 | 00468nam a2200157 i 4500 | ||
|---|---|---|---|
| 001 | 121623 | ||
| 003 | ES-MaACL | ||
| 005 | 20230906191803.0 | ||
| 007 | t| | ||
| 008 | 070214s1970 sp r ||||1| spa d | ||
| 100 | 1 |
_aPlatero Fernández, Carlos. _992596 |
|
| 245 | 1 | 0 |
_aMis exploraciones Canarias / _cCarlos Platero Fernández. |
| 260 |
_aLas Palmas : _b[s. n.], _c1970 ( _fImp. Pérez Galdós) |
||
| 300 |
_a176 p. ; _c17 cm. |
||
| 852 |
_aES-MaACL _jC-42536 _bR.73511 |
||
| 999 |
_c121623 _d121623 |
||